Acquisti più costosi - Napoli - Statistics

Statistiche generali
  • Questo quiz è stato fatto 163 volte
  • Il punteggio medio è 15 su 20
Statistiche sulle risposte
Costo (M €) Da Nazione Anno Calciatore % Corretto
39 Real Madrid Argentina 2013 Gonzalo Higuaín
99%
45 PSV Messico 2019 Hirving Lozano
99%
75 Lilla Nigeria 2020 Victor Osimhen
99%
36 Roma Grecia 2019 Konstantinos Manolas
97%
16 Udinese Polonia 2016 Piotr Zielinski
91%
32 Ajax Polonia 2016 Arkasiusz Milik
90%
18,05 Fenerbahçe Corea del Sud 2022 Min-jae Kim
90%
15 Fulham Camerun 2022 Frank Anguissa
88%
16,20 Fenerbahçe Macedonia del Nord 2019 Eljif Elmas
87%
21 Inter Italia 2021 Matteo Politano
81%
30 Real Betis Siviglia Spagna 2018 Fabián Ruiz
75%
26 Udinese Italia 2019 Alex Meret
72%
18 Udinese Turchia/Svizzera 2011 Gökhan Inler
72%
21 Celta Vigo Polonia 2020 Stanislav Lobotka
68%
21 Torino Serbia 2017 Nikola Maksimovic
65%
14,50 Bologna Guinea 2016 Amadou Diawara
64%
16,60 SPAL Italia 2020 Andrea Petagna
64%
24,50 Bologna Italia 2018 Simone Verdi
62%
18 Udinese Italia 2009 Fabio Quagliarella
35%
18 Genoa Italia 2017 Leonardo Pavoletti
34%
Nessun quiz corrispondente trovato
Distribuzione punteggi
Percentuale di utenti per punteggio
Percentile per numero di risposta
I tuoi punteggi nel tempo
Non hai fatto questo quiz